Extreme Demons I have beaten - Statistics

General Stats
  • This quiz has been taken 17 times
  • The average score is 6 of 15
Answer Stats
Date Extreme Demon % Correct
02/07/2019 Hypersonic
67%
30/03/2020 Quest for Perfection
56%
03/04/2020 Allegiance
44%
05/04/2020 Deception Dive
44%
02/04/2020 Es Dilar Nos
44%
04/04/2020 Incipient
44%
09/06/2018 Niflheim
44%
31/03/2020 Plasma Pulse III
44%
22/07/2017 Retention
44%
29/11/2018 Retention
44%
13/09/2019 Cyclone
33%
01/04/2020 Spectral Tentation
33%
11/05/2018 Subversive
33%
18/11/2017 Excessive Compliment
22%
02/07/2019 Excessive Compliment
22%
No matching quizzes found
Score Distribution
Percent of People with Each Score
Percentile by Number Answered
Your Score History
You have not taken this quiz